000 01237njm a22003017a 4500
005 2010091305375.0
006 a|||||r|||||00| 0
007 sd ammalaaahaa
008 100910t xxu||||| |||| 00| 0 eng d
028 _aBOE.2683
_bOdeon
035 _aGR-02231
040 _aSED
_cSED
100 _aMangeshkar, Lata
_919365
245 _aParichay /
_cSung by Lata Mangeshkar [and] Bhupendra; music by R. D. Burman; lyric by Gulzar
_h[sound recording] :
246 _aपरिचय /
260 _aDum Dum, India
_bOdeon
_c1972
300 _a1 sound disc [Gramophone Recording] :
_banalog, 45 rpm
_c7.5 in. (SP)
_fGramaphone Records
500 _aBrief record
500 _aRecord Lebels : Odeon, Black
505 _aSide-1 बीती ना बिताई रैना (Biti na bitai raina) (Lata Mangeshkar [and] Bhupendra) side-2 मितवा बोले मीठे बैन (Mitwa bole mithe bain) (Bhupendra)
600 _aMangeshkar, Lata
_919611
650 _2Excerpts.
_aClassical Music
_bIndia
_919366
700 _aBhupendra
_919722
700 _aBurman, R. D.
_919723
700 _aGulzar
_919774
942 _2ddc
_cGR
999 _c45439
_d45439